| Tag |
First Indicator |
Second Indicator |
Subfields |
| LEADER |
00000cam a2200000 i 4500 |
| 001 |
in00005501351 |
| 008 |
090605s2009 enka j 000 1 eng |
| 005 |
20241015213410.9 |
| 015 |
|
|
|a GBA959438
|2 bnb
|
| 016 |
7 |
|
|a 015291737
|2 Uk
|
| 019 |
|
|
|a 965970585
|a 1166641056
|
| 020 |
|
|
|a 9780746096864
|q (hbk.)
|
| 020 |
|
|
|a 0746096860
|q (hbk.)
|
| 029 |
1 |
|
|a AU@
|b 000045540011
|
| 029 |
1 |
|
|a AU@
|b 000045794628
|
| 029 |
1 |
|
|a NZ1
|b 13099962
|
| 029 |
1 |
|
|a NZ1
|b 14041686
|
| 029 |
1 |
|
|a NZ1
|b 15085051
|
| 029 |
1 |
|
|a UKMGB
|b 015291737
|
| 029 |
1 |
|
|a AU@
|b 000077743911
|
| 035 |
|
|
|a (OCoLC)ocn403438901
|
| 035 |
|
|
|a (OCoLC)403438901
|z (OCoLC)965970585
|z (OCoLC)1166641056
|
| 040 |
|
|
|a UKM
|b eng
|e rda
|c UKM
|d YDXCP
|d OCLCQ
|d CNSOA
|d OCLCQ
|d OCLCO
|d OCLCQ
|d OCLCF
|d OCLCO
|d OCLCQ
|d NKADP
|d OCLCO
|d OCLCA
|d UKMGB
|d NZAUC
|d LUN
|d OCLCO
|d OCLCL
|d OCLCQ
|d OCLCL
|d OCLCQ
|d TXA
|
| 043 |
|
|
|a e-dk---
|
| 050 |
|
4 |
|a PR6110.O635
|b B46 2009
|
| 100 |
1 |
|
|a Jones, Rob Lloyd,
|e author.
|
| 245 |
1 |
0 |
|a Beowulf /
|c adapted by Rob Lloyd Jones ; illustrated by Victor Tavares.
|
| 264 |
|
1 |
|a London :
|b Usborne Publishing,
|c 2009.
|
| 300 |
|
|
|a 64 unnumbered pages :
|b color illustrations ;
|c 21 cm
|
| 336 |
|
|
|a text
|b txt
|2 rdacontent
|
| 336 |
|
|
|a still image
|b sti
|2 rdacontent
|
| 337 |
|
|
|a unmediated
|b n
|2 rdamedia
|
| 338 |
|
|
|a volume
|b nc
|2 rdacarrier
|
| 490 |
1 |
|
|a Usborne young reading: Series three
|
| 500 |
|
|
|a Reading consultant: Alison Kelly, Roehampton University.
|
| 520 |
0 |
|
|a Fearsome monsters stalk the moors of ancient Denmark, murdering anyone they catch. But then a warrior comes from overseas. His name is Beowulf.
|
| 600 |
0 |
0 |
|a Beowulf,
|c King of the Geats
|v Juvenile fiction.
|
| 650 |
|
0 |
|a Heroes
|z Denmark
|v Juvenile fiction.
|
| 600 |
0 |
0 |
|a Grendel
|c (Monster)
|v Juvenile fiction.
|
| 600 |
0 |
7 |
|a Beowulf,
|c King of the Geats.
|2 fast
|0 (OCoLC)fst01742747
|
| 650 |
|
7 |
|a Heroes.
|2 fast
|0 (OCoLC)fst00955558
|
| 655 |
|
7 |
|a Fantasy fiction.
|2 lcgft
|
| 700 |
1 |
|
|a Tavares, Victor,
|d 1971-
|e illustrator.
|1 https://id.oclc.org/worldcat/entity/E39PCjrdgCddJDB7qxgRBbTtfC
|
| 730 |
0 |
|
|a Beowulf.
|
| 830 |
|
0 |
|a Usborne young reading.
|n Series three.
|
| 938 |
|
|
|a YBP Library Services
|b YANK
|n 4008512
|
| 948 |
|
|
|h HELD BY TXA - 54 OTHER HOLDINGS
|
| 994 |
|
|
|a Z0
|b TXA
|
| 999 |
f |
f |
|s bf549372-545b-4171-beae-38718c16ee89
|i 10bcc28a-fb79-45f4-8945-b385e5318a25
|t 0
|
| 952 |
f |
f |
|p normal
|a Texas A&M University
|b College Station
|c Sterling C. Evans Library
|d Evans: Curriculum Collection (4th floor)
|t 0
|e PR6110.O635 B46 2009
|h Library of Congress classification
|i unmediated -- volume
|m A14852198887
|
| 998 |
f |
f |
|a PR6110.O635 B46 2009
|t 0
|l Evans: Curriculum Collection (4th floor)
|